Plane Trigonometry / (Record no. 180914)
[ view plain ]
| 000 -LEADER | |
|---|---|
| fixed length control field | 00881 a2200181 4500 |
| 003 - CONTROL NUMBER IDENTIFIER | |
| control field | Nust |
| 005 - DATE AND TIME OF LATEST TRANSACTION | |
| control field | 20230705131619.0 |
| 040 ## - CATALOGING SOURCE | |
| Transcribing agency | Nust |
| 082 ## - DEWEY DECIMAL CLASSIFICATION NUMBER | |
| Classification number | 516.24,LON |
| 100 ## - MAIN ENTRY--PERSONAL NAME | |
| Personal name | Loney.S.L |
| 9 (RLIN) | 39358 |
| 245 ## - TITLE STATEMENT | |
| Title | Plane Trigonometry / |
| Statement of responsibility, etc. | S.L.Loney |
| 250 ## - EDITION STATEMENT | |
| Edition statement | Part 1, |
| 260 ## - PUBLICATION, DISTRIBUTION, ETC. | |
| Place of publication, distribution, etc. | London |
| Name of publisher, distributor, etc. | Macmillan |
| Date of publication, distribution, etc. | 1938. |
| 300 ## - PHYSICAL DESCRIPTION | |
| Extent | 326:p |
| 505 ## - FORMATTED CONTENTS NOTE | |
| Formatted contents note | Measurement Of Angles (Page-1), Trigonometrical Ratios For Angles (Page-19), Simple Problems In Height And Distances (Page-40), Applications Of Algebraic Signs (Page-47), General Expressions For All Angles (Page-64), Trigonometric Ratios Of The Sum (Page-87), Identities And Trigonometical Equations (Page-131), Logarithms (Page-146), Solution Of Triangles (Page-189), Heights And Distances (Page-211), Inverse Circular Functions (Page-273), Elimination (Page-290). |
| 650 ## - SUBJECT ADDED ENTRY--TOPICAL TERM | |
| Topical term or geographic name entry element | Plane Trigonometry |
| 9 (RLIN) | 39132 |
| 942 ## - ADDED ENTRY ELEMENTS (KOHA) | |
| Source of classification or shelving scheme | |
| Koha item type | Book |
| Call number prefix | 516.24,LON |
| Withdrawn status | Lost status | Source of classification or shelving scheme | Damaged status | Not for loan | Permanent Location | Current Location | Shelving location | Date acquired | Full call number | Barcode | Date last seen | Price effective from | Koha item type | Public note |
|---|---|---|---|---|---|---|---|---|---|---|---|---|---|---|
| Military College of Signals (MCS) | Military College of Signals (MCS) | General Stacks | 12/12/2016 | 516.24,LON | MCS29765 | 12/08/2016 | 12/12/2016 | Book | Almirah No.82, Shelf No.5 |
